000 003140000a22001450004500
005 20120302060615.0
942 _cBOOK
100 _a Narhari
245 _a Bodhasaar
260 _aBanaras:Braj Bi Daas,1904.
300 _a97-192p.
040 _aSAN
650 _aTatvadnyaan
650 _aYogadikshaa Chintamani
999 _c351655
_d351652